[Event "SWE-chT2 1011"]
[Site "Sweden"]
[Date "2011.01.15"]
[Round "6"]
[White "Aurehl, Bo"]
[Black "Wiker, Bo"]
[Result "1/2-1/2"]
[WhiteElo "2187"]
[BlackElo "2047"]
[PlyCount "41"]
[EventDate "2010.10.23"]
[EventType "team-tourn"]
[EventRounds "9"]
[EventCountry "SWE"]
[SourceTitle "EXT 2012"]
[Source "ChessBase"]
[SourceDate "2011.11.24"]
[SourceVersion "1"]
[SourceVersionDate "2011.11.24"]
[SourceQuality "1"]
[WhiteTeam "Wasa"]
[BlackTeam "Horndal"]
[WhiteTeamCountry "SWE"]
[BlackTeamCountry "SWE"]

1. d4 Nf6 2. Nf3 g6 3. e3 Bg7 4. Be2 0-0 5. 0-0 d6 6. b3 Nbd7 7. Bb2 Re8 8. c4 c6 9. Nc3 e5 10. Qc2 a6 11. dxe5 dxe5 12. Rfd1 e4 13. Nd2 Qe7 14. a3 Nf8 15. b4 Bf5 16. c5 N8d7 17. Nc4 Red8 18. Rd2 Ne5 19. Nxe5 Rxd2 20. Qxd2 Qxe5 21. Rd1 1/2-1/2

[Event "SWE-chC op"]
[Site "Lund"]
[Date "2010.07.07"]
[Round "5"]
[White "Nylen, Anders"]
[Black "Aurehl, Bo"]
[Result "1-0"]
[WhiteElo "2151"]
[BlackElo "2126"]
[PlyCount "83"]
[EventDate "2010.07.03"]
[EventType "swiss"]
[EventRounds "9"]
[EventCountry "SWE"]
[SourceTitle "CBM 137 Extra"]
[Source "ChessBase"]
[SourceDate "2010.09.01"]
[SourceVersion "1"]
[SourceVersionDate "2010.09.01"]
[SourceQuality "1"]

1. d4 Nf6 2. c4 c5 3. d5 e5 4. Nc3 d6 5. e4 Nbd7 6. Bd3 Be7 7. Be3 0-0 8. f3 Ne8 9. Qd2 a6 10. Nge2 Rb8 11. 0-0 g6 12. g4 Kh8 13. Ng3 Ndf6 14. h3 Ng8 15. f4 exf4 16. Bxf4 Bf6 17. Rae1 Bd4+ 18. Kg2 Qe7 19. Nge2 Bg7 20. Ng1 b5 21. cxb5 axb5 22. Bxb5 Bd7 23. Bxd7 Qxd7 24. Nf3 f6 25. g5 Ne7 26. gxf6 Nxf6 27. Ng5 Nh5 28. Be3 Bf6 29. Ne6 Rg8 30. Bg5 Bxg5 31. Nxg5 Rgf8 32. Ne6 Rf6 33. Rxf6 Nxf6 34. Rf1 Neg8 35. Rf2 Qe7 36. a3 Nh5 37. Qg5 Ngf6 38. e5 dxe5 39. Qxe5 Rd8 40. Nxd8 Qxe5 41. Nf7+ Kg7 42. Nxe5 1-0

[Event "SWE-chT 0910"]
[Site "Sweden"]
[Date "2010.02.27"]
[Round "8"]
[White "Aurehl, Bo"]
[Black "Holst, Conny"]
[Result "0-1"]
[WhiteElo "2149"]
[BlackElo "2190"]
[PlyCount "74"]
[EventDate "2009.10.16"]
[EventType "team"]
[EventRounds "11"]
[EventCountry "SWE"]
[SourceTitle "EXT 2011"]
[Source "ChessBase"]
[SourceDate "2010.11.26"]
[SourceVersion "1"]
[SourceVersionDate "2010.11.26"]
[SourceQuality "1"]
[WhiteTeam "Wasa"]
[BlackTeam "Limhamn"]
[WhiteTeamCountry "SWE"]
[BlackTeamCountry "SWE"]

1. e4 c5 2. c3 g6 3. d4 cxd4 4. cxd4 d5 5. exd5 Nf6 6. Nc3 Bg7 7. Bb5+ Nbd7 8. Nf3 0-0 9. d6 exd6 10. 0-0 a6 11. Ba4 b5 12. Bb3 Nb6 13. Bg5 h6 14. Bh4 Re8 15. Bc2 Bb7 16. h3 Rc8 17. a4 b4 18. Na2 Bxf3 19. gxf3 Qd7 20. Nxb4 Qxh3 21. Bg3 Nc4 22. Bh2 Nxb2 23. Qb1 Nc4 24. Qd1 a5 25. Nd3 Nd5 26. Nf4 Nxf4 27. Bxf4 Nb2 28. Qd2 Qxf3 29. Bd1 Nxd1 30. Raxd1 Re4 31. Bg3 Bxd4 32. Qxd4 Rxd4 33. Rxd4 d5 34. Rfd1 Re8 35. Rxd5 Re1+ 36. Rxe1 Qxd5 37. Be5 g5 0-1

[Event "SWE-chT 0203"]
[Site "Sweden"]
[Date "2003.02.08"]
[Round "7"]
[White "Aurehl, Bo"]
[Black "Lundin, Anders"]
[Result "0-1"]
[WhiteElo "2187"]
[BlackElo "2270"]
[PlyCount "58"]
[EventDate "2002.10.11"]
[EventType "team"]
[EventRounds "11"]
[EventCountry "SWE"]
[SourceTitle "EXT 2004"]
[Source "ChessBase"]
[SourceDate "2003.11.25"]
[SourceVersion "1"]
[SourceVersionDate "2003.11.25"]
[SourceQuality "1"]
[WhiteTeam "Wasa"]
[BlackTeam "Passanten"]
[WhiteTeamCountry "SWE"]
[BlackTeamCountry "SWE"]

1. e4 c5 2. Nf3 e6 3. d4 cxd4 4. Nxd4 Nc6 5. Be3 Nf6 6. Nc3 Bb4 7. Nxc6 bxc6 8. e5 Nd5 9. Qg4 Qa5 10. Qxg7 Bxc3+ 11. bxc3 Qxc3+ 12. Ke2 Qxc2+ 13. Kf3 Qf5+ 14. Kg3 Qg6+ 15. Qxg6 hxg6 16. Bg5 f6 17. exf6 Kf7 18. Bd3 Nxf6 19. Rab1 e5 20. Rhe1 Nh5+ 21. Kf3 Re8 22. Rb4 d5 23. Bc2 c5 24. Rb5 Ng7 25. Be3 e4+ 26. Kg3 Nf5+ 27. Kf4 Kf6 28. h4 Nxh4 29. Bxc5 Nxg2+ 0-1

[Event "SWE-chT 0102"]
[Site "Sweden"]
[Date "2002.02.09"]
[Round "7"]
[White "Didriksson, Mikael"]
[Black "Aurehl, Bo"]
[Result "0-1"]
[WhiteElo "2098"]
[BlackElo "2154"]
[PlyCount "180"]
[EventDate "2001.10.12"]
[EventType "team"]
[EventRounds "11"]
[EventCountry "SWE"]
[SourceTitle "EXT 2003"]
[Source "ChessBase"]
[SourceDate "2002.11.25"]
[SourceVersion "1"]
[SourceVersionDate "2002.11.25"]
[SourceQuality "1"]
[WhiteTeam "Eskilstuna"]
[BlackTeam "Wasa"]
[WhiteTeamCountry "SWE"]
[BlackTeamCountry "SWE"]

1. e4 e5 2. Nf3 Nc6 3. Bb5 a6 4. Ba4 d6 5. 0-0 Bd7 6. c3 Nge7 7. d4 Ng6 8. Re1 Be7 9. Nbd2 0-0 10. Nf1 Nh4 11. d5 Nb8 12. Bxd7 Nxd7 13. Nxh4 Bxh4 14. Qg4 Bf6 15. Ng3 Kh8 16. Nh5 Rg8 17. Nxf6 Nxf6 18. Qh4 Nd7 19. Bg5 f6 20. Be3 a5 21. Rad1 Qe8 22. g4 g5 23. Qg3 h5 24. h3 Rg7 25. f3 Rh7 26. Kf2 Nf8 27. Rh1 Ng6 28. Rh2 Qa4 29. Rd2 h4 30. Qg1 Qxa2 31. Rh1 Qc4 32. Qa1 b6 33. Rb1 Qa6 34. b3 Rg7 35. c4 Nf8 36. Qa4 Nd7 37. Ra2 Nc5 38. Bxc5 dxc5 39. Qc6 Rf7 40. Rd1 Rd8 41. d6 Rxd6 42. Rxd6 cxd6 43. Qxd6 Qb7 44. Rd2 Kg7 45. Qd8 Qc7 46. Qxc7 Rxc7 47. Rd6 Rb7 48. Rc6 Kf7 49. Ke2 Ke7 50. Ke3 b5 51. Rxc5 bxc4 52. bxc4 Ra7 53. Rd5 a4 54. Rd2 a3 55. Ra2 Kd6 56. Kd3 Kc5 57. Kc3 Ra4 58. Kb3 Rb4+ 59. Kxa3 Rb1 60. Rc2 Rh1 61. Kb3 Rxh3 62. Rc3 Rg3 63. Rd3 h3 64. Rd5+ Kc6 65. Rd8 Rxf3+ 66. Kb4 Rf4 67. Rc8+ Kd7 68. Rh8 Rxg4 69. Rxh3 Rxe4 70. Kb5 Re1 71. Rh7+ Ke6 72. c5 Rc1 73. Kc6 e4 74. Rh8 f5 75. Re8+ Kf7 76. Re5 Kf6 77. Re8 g4 78. Kd5 Rd1+ 79. Kc4 Kg5 80. c6 Kf4 81. c7 Rc1+ 82. Kd5 Rxc7 83. Rf8 Rd7+ 84. Kc5 g3 85. Kc6 Rd1 86. Rg8 Kf3 87. Kc5 g2 88. Rf8 f4 89. Kc4 g1Q 90. Kc3 Qc5+ 0-1

[Event "Rilton Cup 31st"]
[Site "Stockholm"]
[Date "2002.01.04"]
[Round "8"]
[White "Aurehl, Bo"]
[Black "Gullaksen, Eirik Tvedt"]
[Result "0-1"]
[WhiteElo "2167"]
[BlackElo "2324"]
[PlyCount "59"]
[EventDate "2001.12.27"]
[EventType "swiss"]
[EventRounds "9"]
[EventCountry "SWE"]
[SourceTitle "CBM 085 Extra"]
[Source "ChessBase"]
[SourceDate "2002.01.21"]
[SourceVersion "1"]
[SourceVersionDate "2002.01.21"]
[SourceQuality "1"]

1. e4 e5 2. Nf3 Nc6 3. Bb5 a6 4. Ba4 Nf6 5. 0-0 b5 6. Bb3 Bc5 7. c3 d6 8. d4 Bb6 9. a4 Rb8 10. axb5 axb5 11. Qd3 Bd7 12. Na3 0-0 13. Nxb5 exd4 14. Nbxd4 Qe7 15. Bc2 Ne5 16. Nxe5 Qxe5 17. Nf3 Qh5 18. b4 Bc6 19. Re1 Rfe8 20. Qc4 Bb5 21. Qb3 Ng4 22. Be3 Nxe3 23. fxe3 Re7 24. Nd4 Bd7 25. Rf1 Rbe8 26. Rae1 Re5 27. c4 R5e7 28. Rf4 Qe5 29. Ref1 Bxd4 30. Rxf7 0-1

[Event "Rilton Cup 31st"]
[Site "Stockholm"]
[Date "2001.12.27"]
[Round "1"]
[White "Wedberg, Tom"]
[Black "Aurehl, Bo"]
[Result "1-0"]
[WhiteElo "2529"]
[BlackElo "2167"]
[PlyCount "94"]
[EventDate "2001.12.27"]
[EventType "swiss"]
[EventRounds "9"]
[EventCountry "SWE"]
[SourceTitle "CBM 085 Extra"]
[Source "ChessBase"]
[SourceDate "2002.01.21"]
[SourceVersion "1"]
[SourceVersionDate "2002.01.21"]
[SourceQuality "1"]

1. e4 e5 2. Nf3 Nc6 3. Bb5 a6 4. Ba4 d6 5. c4 Bd7 6. Nc3 Nge7 7. Nd5 Nxd5 8. cxd5 Nd4 9. Nxd4 exd4 10. d3 b5 11. Bb3 Be7 12. Bd2 a5 13. a4 b4 14. 0-0 0-0 15. Rc1 Rc8 16. Rc4 c5 17. dxc6 Bxc6 18. Rxd4 Bf6 19. Rc4 d5 20. Rxc6 Rxc6 21. Bxd5 Rc8 22. b3 Bd4 23. Bc4 Qh4 24. Qf3 Rc6 25. Be3 Rf6 26. Qe2 Bxe3 27. Qxe3 Rh6 28. h3 g5 29. Qg3 Qf4 30. Re1 Qxg3 31. fxg3 Kg7 32. e5 Rd8 33. Re4 f5 34. exf6+ Rxf6 35. Re5 Ra8 36. Rxg5+ Rg6 37. Rc5 Rxg3 38. Bd5 Ra7 39. Be4 h6 40. Kf2 Rg5 41. Bf5 Kf6 42. g4 h5 43. Rc6+ Ke7 44. Kf3 hxg4+ 45. hxg4 Rg8 46. Kf4 Rb8 47. d4 Rd8 1-0